Civilizált vallás és pusztai hit Martin Buber: A próféták hite /

Elmentve itt :
Bibliográfiai részletek
Szerző: Gáspár Csaba László
További közreműködők: Buber Martin
Dokumentumtípus: Cikk
Megjelent: 1996
Sorozat:Iskolakultúra 6 No. 4
Kulcsszavak:Zsidó vallás - ókori - bibliamagyarázat - könyvismertetés, Bibliamagyarázat - Ószövetség és zsidó vallás - könyvismertetés, Ószövetség és zsidó vallás - ókori - könyvismertetés
Online Access:http://misc.bibl.u-szeged.hu/45005
LEADER 00853nab a2200193 i 4500
001 misc45005
005 20191106141038.0
008 181015s1996 hu o 0|| zxx d
022 |a 1215-5233 
040 |a SZTE Miscellanea Repozitórium  |b hun 
041 |a zxx 
100 1 |a Gáspár Csaba László 
245 1 0 |a Civilizált vallás és pusztai hit   |h [elektronikus dokumentum] :  |b Martin Buber: A próféták hite /  |c  Gáspár Csaba László 
260 |c 1996 
300 |a 110-113 
490 0 |a Iskolakultúra  |v 6 No. 4 
695 |a Zsidó vallás - ókori - bibliamagyarázat - könyvismertetés, Bibliamagyarázat - Ószövetség és zsidó vallás - könyvismertetés, Ószövetség és zsidó vallás - ókori - könyvismertetés 
700 0 1 |a Buber Martin 
856 4 0 |u http://misc.bibl.u-szeged.hu/45005/1/iskolakultura_1996_004_110-113.pdf  |z Dokumentum-elérés